[Event "Helsinki vs. Tallinn Match"]
[Site "Helsinki FIN"]
[Date "2001.10.28"]
[Round "?"]
[White "Agopov,M"]
[Black "Narva,J"]
[Result "1-0"]
[WhiteElo "2376"]
[BlackElo "2313"]

1.e4 c5 2.Nf3 Nc6 3.d4 cxd4 4.Nxd4 Qb6 5.Nb3 Nf6 6.Nc3 e6 7.Be3 Qc7 8.Be2 a6
9.f4 Bb4 10.Bf3 d5 11.exd5 exd5 12.O-O Bxc3 13.bxc3 Be6 14.Bc5 b6 15.Ba3 Qxf4
16.Qe2 Qa4 17.Bd6 Ne4 18.Bxe4 dxe4 19.Qe3 f5 20.Qg5 Ra7 21.Rad1 Qb5 22.a4 Qc4
23.Nd4 Nxd4 24.Rxd4 Qxc3 25.Be5 Qc8 26.Rfd1 O-O  1-0

[Event "EuTChw"]
[Site "Leon ESP"]
[Date "2001.11.07"]
[Round "2"]
[White "Dworakowska,J"]
[Black "Arakhamia,K"]
[Result "1-0"]
[WhiteElo "2358"]
[BlackElo "2437"]

1.e4 c5 2.Nf3 Nc6 3.d4 cxd4 4.Nxd4 Qb6 5.Nb3 Nf6 6.Bd3 e6 7.O-O Be7 8.c4 d5
9.cxd5 exd5 10.Be3 Qc7 11.exd5 Nxd5 12.Bc5 Be6 13.Na3 O-O 14.Nb5 Qf4 15.Bxe7 Ndxe7
16.Qc1 Qxc1 17.Nxc1 Rad8 18.Nc3 Ne5 19.Be4 b5 20.Re1 Rd2 21.Nb3 Bxb3 22.axb3 b4
23.Nb5 f5 24.Bb7 N7g6 25.Rxa7 Nd3 26.Rf1 Ngf4 27.h4 Nxb2 28.Bf3 Nbd3 29.Rd7 Rb2
30.Rd4 Kh8 31.Bd1 h6 32.h5 Re8 33.Kh2 Re1 34.Be2 Rxf1 35.Bxf1 Rd2 36.Bxd3 Nxd3
37.Nd6 f4 38.Nf7+ Kh7 39.Ne5 Nxe5 40.Rxd2 Ng4+ 41.Kh3 Nf6 42.Rd4  1-0

[Event "ch-Balkan Women"]
[Site "Istanbul TUR"]
[Date "2001.11.20"]
[Round "3"]
[White "Georgieva,L"]
[Black "Karahaliou,E"]
[Result "1-0"]
[WhiteElo "2233"]
[BlackElo "2058"]

1.e4 c5 2.Nf3 Nc6 3.d4 cxd4 4.Nxd4 Qc7 5.Nc3 e6 6.g3 a6 7.Bg2 b5 8.O-O Bb7
9.a3 Nf6 10.Bg5 Be7 11.h3 O-O 12.Re1 h6 13.Be3 Na5 14.Bf4 d6 15.Bc1 Rfd8
16.Qe2 Nc4 17.Nd1 Rac8 18.b3 Na5 19.Bb2 Nd7 20.Ne3 Bf6 21.Rad1 Nc6 22.Rd2 Nxd4
23.Bxd4 Bxd4 24.Rxd4 Nb6 25.Red1 d5 26.exd5 Bxd5 27.Qd2 Re8 28.Nxd5 exd5
29.Rc1 Re5 30.Bxd5 Rce8 31.Bf3 Qe7 32.Rd6 Qc7 33.Rc6 Qb8 34.Rd1 R5e7 35.Rd6 Qc7
36.Kg2 Qc5 37.Rc6 Qxa3 38.Rxb6 Qc5 39.Rxa6 Rc8 40.Ra8 Ree8 41.Rxc8 Rxc8 42.b4 Qe7
43.c3 Re8 44.Qd7 Qxd7 45.Rxd7 Kf8  1-0

[Event "ch-Balkan"]
[Site "Istanbul TUR"]
[Date "2001.11.20"]
[Round "3"]
[White "Yilmaz,T"]
[Black "Miladinovic,I"]
[Result "1/2-1/2"]
[WhiteElo "2277"]
[BlackElo "2495"]

1.e4 c5 2.Nf3 Nc6 3.d4 cxd4 4.Nxd4 Qc7 5.Nc3 e6 6.g3 a6 7.Bg2 Nge7 8.Nb3 Ng6
9.h4 d6 10.h5 Nge5 11.h6 b5 12.Ne2 g6 13.Bg5 Be7 14.Bxe7 Qxe7 15.Ned4 Bb7
16.Nxc6 Nxc6 17.Qd2 O-O 18.O-O-O Rfd8 19.Na5 Nxa5 20.Qxa5 Rac8 21.Rd2 Qg5
22.Qa3 e5 23.Qd3 Rc4 24.Qe2 Rdc8 25.Kd1 R8c6 26.a3 Bc8 27.Bf3 Kf8 28.Ke1 b4
29.axb4 Rxb4 30.b3 a5 31.Qd1 Ke7 32.Kf1 Rcb6 33.Kg2 Bb7 34.c4 Qf6 35.Rd3 Qe6
36.Re1 Qc8 37.Re2 Qc5 38.Red2 a4 39.bxa4 Rxc4 40.a5 Ra6 41.Rb2 Ra7 42.Rdb3 Bc6
43.Rb8 Qxa5 44.Rh8 Qc3 45.Rb3 Qc2 46.Rxh7 Ra2 47.Qxc2 Rcxc2 48.Rh8 Rxf2+
49.Kg1 Rfc2 50.Rb1 Ra3 51.Rf1 Ra8 52.Rxa8 Bxa8 53.Ra1 Rc8 54.Ra7+ Kf6 55.Rd7 Rf8
56.Rxd6+ Kg5 57.h7 Kh6 58.g4 Kxh7 59.g5 Kg7 60.Ra6 Bb7 61.Ra7 Rb8 62.Kf2 Bc6
63.Rc7 Rb2+ 64.Ke3 Rb3+ 65.Kf2 Rb6 66.Ke3 Kf8 67.Bd1 Ke8 68.Bc2 Bd7 69.Bd3 Ke7
70.Rc5 f6 71.Ra5 Rb3 72.Kd2 Rb2+ 73.Ke3 Rb7 74.Bc4 Rc7 75.Ba2 Rc3+ 76.Kf2 fxg5
77.Rxe5+ Kf6 78.Ra5 g4 79.e5+ Ke7 80.Bd5 g3+ 81.Kg2 Re3 82.Bf3 g5 83.e6 g4
84.exd7 gxf3+  1/2-1/2

[Event "ch-Balkan"]
[Site "Istanbul TUR"]
[Date "2001.11.25"]
[Round "9"]
[White "Stojanovski,D"]
[Black "Petrov,M"]
[Result "0-1"]
[WhiteElo "2412"]
[BlackElo "2451"]

1.e4 c5 2.Nf3 Nc6 3.d4 cxd4 4.Nxd4 Qb6 5.Nb3 Nf6 6.Nc3 e6 7.Be3 Qc7 8.Bd3 a6
9.O-O d6 10.f4 Be7 11.Qf3 O-O 12.Rae1 Re8 13.Qg3 b5 14.f5 b4 15.Ne2 exf5
16.exf5 Ne5 17.Bh6 Nh5 18.Qh3 Nxd3 19.cxd3 Nf6 20.Qg3 Bf8 21.Bg5 Nd5 22.f6 g6
23.Qh4 Qb6+ 24.d4 Qb5 25.Ng3 Bb7 26.Rxe8 Rxe8 27.Bh6 Qd3 28.Bxf8 Qe3+ 29.Kh1 Rxf8
30.Nf5 Qd3 31.Kg1 Ne3 32.Ne7+ Kh8 33.Rf4 Qd1+ 34.Kf2 Nxg2  0-1

[Event "FSIMA December"]
[Site "Budapest HUN"]
[Date "2001.12.03"]
[Round "3"]
[White "Erdelyi,Z"]
[Black "Berczes,C"]
[Result "1/2-1/2"]
[WhiteElo "2242"]
[BlackElo "2216"]

1.e4 c5 2.Nf3 Nc6 3.d4 cxd4 4.Nxd4 Qc7 5.Nc3 e6 6.Be2 a6 7.O-O Nf6 8.Be3 d6
9.Kh1 Be7 10.f4 O-O 11.Qe1 Nxd4 12.Bxd4 b5 13.a3 Bb7  1/2-1/2

[Event "FSIMA December"]
[Site "Budapest HUN"]
[Date "2001.12.08"]
[Round "8"]
[White "Musanti,D"]
[Black "Berczes,C"]
[Result "0-1"]
[WhiteElo "2293"]
[BlackElo "2216"]

1.e4 c5 2.Nf3 Nc6 3.d4 cxd4 4.Nxd4 Qc7 5.Nc3 e6 6.Be3 a6 7.Bd3 Nf6 8.O-O Be7
9.Kh1 h5 10.f3 h4 11.Nxc6 bxc6 12.f4 d5 13.Bd4 Bb7 14.Be5 Qd8 15.h3 Nh5 16.f5 Bd6
17.Bxd6 Qxd6 18.fxe6 Ng3+ 19.Kg1 Qc5+ 20.Rf2 fxe6 21.Qg4 O-O-O 22.Na4 Qd4
23.exd5 Qxg4 24.hxg4 cxd5 25.Nc5 Ne4 26.Bxe4 dxe4 27.Nxe6 e3 28.Re2 Rd2 29.Rae1 h3
30.Nf4 hxg2 31.Nxg2 Bf3  0-1

[Event "ch-ROM"]
[Site "Targoviste ROM"]
[Date "2001.12.08"]
[Round "14"]
[White "Parligras,M"]
[Black "Cosma,I"]
[Result "1-0"]
[WhiteElo "2431"]
[BlackElo "2472"]

1.e4 c5 2.Nf3 Nc6 3.d4 cxd4 4.Nxd4 Qc7 5.Nc3 e6 6.Be3 a6 7.Bd3 Nf6 8.O-O Ne5
9.h3 Bc5 10.Kh1 d6 11.f4 Ng6 12.Qe1 O-O 13.f5 Ne5 14.Qh4 Bd7 15.Rf3 Qb6 16.Rg3 Ne8
17.Nce2 exf5 18.exf5 Qxb2 19.Rd1 f6 20.Be4 Bc6 21.Nxc6 bxc6 22.Bxc5 dxc5
23.Nf4 Rb8 24.Rb3 Rxb3 25.axb3 Rf7 26.Qe1 Re7 27.Ne6 Qa3 28.Rd8 Kf7 29.Kh2 Rd7
30.Rxd7+ Nxd7 31.Bxc6 c4 32.b4 Ne5 33.Bxe8+ Kxe8 34.Qd2 Nd7 35.Qd6 Qe3 36.Nxg7+ Kd8
37.Ne6+ Ke8 38.Nc7+ Kd8 39.Nxa6 Qb6 40.Qxb6+ Nxb6 41.Kg3 Kd7 42.Kf3 Kc6 43.Ke4 Kb5
44.Nc7+ Kxb4 45.Nd5+  1-0

[Event "FSIMA December"]
[Site "Budapest HUN"]
[Date "2001.12.10"]
[Round "10"]
[White "Meszaros,T"]
[Black "Berczes,C"]
[Result "0-1"]
[WhiteElo "2364"]
[BlackElo "2216"]

1.e4 c5 2.Nf3 Nc6 3.d4 cxd4 4.Nxd4 Qc7 5.Nc3 e6 6.Be2 a6 7.O-O Nf6 8.Be3 d6
9.f4 Be7 10.a4 Bd7 11.Kh1 O-O 12.Bf3 Nxd4 13.Qxd4 e5 14.Qd2 b5 15.axb5 axb5
16.Nd5 Nxd5 17.exd5 Bf6 18.c3 Ra4 19.Rae1 b4 20.cxb4 Rb8 21.fxe5 Bxe5 22.Bf4 f6
23.Bxe5 fxe5 24.Bh5 Raxb4 25.Bf7+ Kh8 26.Be8 Kg8 27.Rc1 Qd8 28.Bf7+ Kh8 29.Be6 Rxb2
30.Qc3 h6 31.Qg3 Bxe6 32.dxe6 Qg5 33.Qh3 Kh7 34.Qd3+ Qg6 35.Qxg6+ Kxg6 36.e7 Re8
37.Rc7 e4 38.h4 e3 39.Re1 e2 40.Rd7 Rd2 41.Kg1 Kf7 42.Kf2 Rxe7 43.Rxe7+ Kxe7
44.Ke3 Ra2 45.Kd3 Kf6 46.Kc3 Kf5 47.Kb3 Kf4 48.Kxa2 Ke3 49.Kb3 Kd2 50.Ra1 e1=Q
51.Rxe1 Kxe1 52.g4 Kf2 53.g5 Kg3  0-1

[Event "FSGMB December"]
[Site "Budapest HUN"]
[Date "2001.12.13"]
[Round "13"]
[White "Pilgaard,K"]
[Black "Grivas,E"]
[Result "1/2-1/2"]
[WhiteElo "2437"]
[BlackElo "2489"]

1.e4 c5 2.Nf3 Nc6 3.d4 cxd4 4.Nxd4 Qb6 5.Nb3 Nf6 6.Nc3 e6 7.Bd3 d6 8.Be3 Qc7
9.f4 a6 10.Qf3 Be7 11.O-O O-O 12.Rae1 b5 13.e5 Nd7 14.exd6 Qxd6 15.Ne4 Qc7
16.Qh3 f5 17.Nec5 Nxc5 18.Bxc5 Bxc5+ 19.Nxc5 e5 20.fxe5 Nxe5 21.b4 Ng4 22.Be2 Nf6  1/2-1/2

[Event "SO-ON"]
[Site "Groningen NED"]
[Date "2001.12.22"]
[Round "1"]
[White "Baramidze,D"]
[Black "Middelburg,T"]
[Result "1/2-1/2"]
[WhiteElo "2335"]
[BlackElo "2364"]

1.e4 c5 2.Nf3 Nc6 3.d4 cxd4 4.Nxd4 Qc7 5.Nc3 e6 6.g3 a6 7.Bg2 Nf6 8.Nb3 b5
9.O-O Bb7 10.Re1 d6 11.f4 Be7 12.Be3 O-O 13.Qe2 Rac8 14.h3 Nd7 15.Qf2 Na5
16.Nxa5 Qxa5 17.a3 Qc7 18.Rad1 Bc6 19.Rd2 a5 20.Bd4 b4 21.axb4 axb4 22.Nd5 Bxd5
23.exd5 e5 24.fxe5 dxe5 25.Be3 Bd6 26.g4 b3 27.c3 Rb8 28.Be4 Nc5 29.Bb1 Rbe8
30.Kh1 Re7 31.Qf5 g6 32.Qf1 f6 33.Qc4 Qb7 34.Rf1 Rc7 35.Bxc5 Rxc5 36.Qe4 Kg7
37.h4 Rfc8 38.Qf3 Qf7 39.Rdf2 Rxd5 40.Be4 Ra5 41.Qxf6+ Qxf6 42.Rxf6 Rf8  1/2-1/2

[Event "SO-ON"]
[Site "Groningen NED"]
[Date "2001.12.23"]
[Round "2"]
[White "L'Ami,E"]
[Black "Middelburg,T"]
[Result "1/2-1/2"]
[WhiteElo "2344"]
[BlackElo "2364"]

1.e4 c5 2.Nf3 Nc6 3.d4 cxd4 4.Nxd4 Qc7 5.Nc3 e6 6.Be2 a6 7.O-O Nf6 8.Be3 Be7
9.f4 d6 10.Qe1 Nxd4 11.Bxd4 b5 12.a3 Bb7 13.Bd3 O-O 14.Qg3 Rad8 15.Rae1 Bc6
16.e5 dxe5 17.Bxe5 Qa7+ 18.Kh1 Nh5 19.Qh3 g6 20.Ne4 Bd5 21.Ng3 Nxg3+ 22.Qxg3 Qb7
23.Qh3 f5 24.Re3  1/2-1/2

[Event "SO-ON"]
[Site "Groningen NED"]
[Date "2001.12.26"]
[Round "4"]
[White "Van der Weide,K"]
[Black "Koster,R"]
[Result "1-0"]
[WhiteElo "2457"]
[BlackElo "2285"]

1.e4 c5 2.Nf3 Nc6 3.d4 cxd4 4.Nxd4 Qb6 5.Nb3 Nf6 6.Nc3 e6 7.Bd3 Be7 8.Be3 Qc7
9.f4 d6 10.Qf3 a6 11.g4 Nd7 12.g5 b5 13.O-O-O Nc5 14.Kb1 Na4 15.Ne2 e5 16.f5 Bb7
17.f6 gxf6 18.gxf6 Bf8 19.Rc1 Na5 20.Nxa5 Qxa5 21.c3 Bc8 22.b3 Be6 23.bxa4 b4
24.c4 Rb8 25.Bc2 b3 26.Bxb3 Qxa4 27.Ba7 Rb7 28.Qd3 a5 29.Kc2 Qb4 30.a3 Qxa3
31.Ra1 Qb4 32.Ra4 Rxa7 33.Rxb4 axb4 34.Qd2 Rb7 35.Ra1 Rg8 36.Ng3 Kd7 37.Ra6 Rg6
38.c5 Rc7 39.Rxd6+ Bxd6 40.Qxd6+ Kc8 41.Bxe6+ fxe6 42.Qxe6+ Kb7 43.Qxe5  1-0

[Event "ch-AUS"]
[Site "Melbourne AUS"]
[Date "2001.12.31"]
[Round "4"]
[White "Lane,G"]
[Black "Johansen,D"]
[Result "0-1"]
[WhiteElo "2448"]
[BlackElo "2524"]

1.e4 c5 2.Nf3 Nc6 3.d4 cxd4 4.Nxd4 Qc7 5.Nc3 e6 6.f4 a6 7.Nxc6 Qxc6 8.Bd3 b5
9.Qe2 Bb7 10.Bd2 Ne7 11.a3 Ng6 12.O-O Be7 13.Rf3 O-O 14.Rh3 Rfe8 15.Rf1 b4
16.axb4 Bxb4 17.Qg4 Bf8 18.Kh1 Rac8 19.e5 Qb6 20.Qh5 h6 21.Bxg6 fxg6 22.Qxg6 Qd4
23.Be3 Qc4 24.Rd1 Qc6 25.Rg3 Re7 26.f5 exf5 27.Nd5 Qxd5 28.Rxd5 Bxd5 29.Bxh6 Rc6
30.Qh5 Bf7 31.Qh4 Rxe5 32.h3 Re4 33.Qg5 Rg6 34.Qxf5 Re1+ 35.Kh2 Rxh6 36.Rd3 Bd6+
37.g3 Rf6 38.Qxf6 Re2+ 39.Kg1 gxf6 40.Rxd6 Be6  0-1

[Event "TCh-NOR Qualifier"]
[Site "NOR"]
[Date "2001.??.??"]
[Round "2"]
[White "Andersen,A"]
[Black "Byklum,B"]
[Result "0-1"]
[WhiteElo "2175"]
[BlackElo "2135"]

1.e4 c5 2.Nf3 Nc6 3.d4 cxd4 4.Nxd4 Qc7 5.Nc3 e6 6.Be2 Nf6 7.O-O Be7 8.Kh1 O-O
9.f4 d6 10.f5 a6 11.g4 Nxd4 12.Qxd4 Nd7 13.g5 Re8 14.f6 Bf8 15.fxg7 Bxg7
16.Rf6 Qd8 17.e5 dxe5 18.Qh4 Nxf6 19.gxf6 Bxf6 20.Qh5 Bd7 21.Bh6 Bc6+ 22.Bf3 Kh8
23.Rf1 Rg8 24.Bxc6 bxc6 25.Qxf7 Rg6 26.Be3 Qe7 27.Qxe7 Bxe7 28.Ne4 Rd8 29.b3 Kg8
30.Nd2 Bc5 31.Nc4 Bxe3 32.Nxe3 Rd2 33.Re1 e4 34.a4 Kf8 35.b4 Ke7 36.c4 Rb2
37.b5 axb5 38.cxb5 cxb5 39.axb5 Rxb5 40.Ra1 Rb2  0-1

[Event "8th Open"]
[Site "Bosnjaci CRO"]
[Date "2002.01.04"]
[Round "2"]
[White "Krstic,U"]
[Black "Tomic,Z"]
[Result "1-0"]
[WhiteElo "2356"]
[BlackElo "2142"]

1.e4 c5 2.Nf3 Nc6 3.d4 cxd4 4.Nxd4 Qb6 5.Nb3 Nf6 6.Bd3 e6 7.O-O a6 8.Kh1 Be7
9.f4 d6 10.Qf3 O-O 11.a4 d5 12.e5 Nd7 13.a5 Qc7 14.c3 b6 15.axb6 Qxb6 16.Bc2 a5
17.Be3 Qc7 18.N1d2 Ba6 19.Qh3 g6 20.Rfc1 Rfb8 21.Bd1 Bd3 22.Bg1 Bf5 23.g4 Be4+
24.Nxe4 dxe4 25.Nd2 Rxb2 26.Nxe4 Nb6 27.Qh6 Qd8 28.Bf3 Qd3 29.Rf1 Nd5 30.Bc5 Bxc5
31.Nxc5 Qb5 32.Nd7 Kh8 33.Nf8 Kg8 34.Nxh7 Qc5 35.c4 Qxc4 36.Nf6+  1-0

[Event "54th ch-YUG Youth"]
[Site "Obrenovac YUG"]
[Date "2002.01.10"]
[Round "2"]
[White "Blesic,V"]
[Black "Djukic,Ni"]
[Result "1/2-1/2"]
[WhiteElo "2183"]
[BlackElo "2383"]

1.e4 c5 2.Nf3 Nc6 3.d4 cxd4 4.Nxd4 Qc7 5.Be3 Nf6 6.Nc3 e6 7.a3 a6 8.Be2 b5
9.f4 b4 10.axb4 Bxb4 11.Bf3 Bb7 12.O-O Bxc3 13.bxc3 Nxd4 14.Qxd4 O-O 15.c4 d6
16.e5 dxe5 17.fxe5 Nd7 18.Bxb7 Qxb7 19.Rad1 Nb8 20.Qg4 Kh8 21.Rf3 Nc6 22.Qh5 Qb2
23.Rxf7 Rxf7 24.Qxf7 Qxe5 25.Bf2 Qf5 26.Qb7 Rf8 27.Rf1 Ne5 28.Qxa6 Ng4 29.Qa1 Nxf2
30.Qe1 Nh3+ 31.gxh3 Qc5+ 32.Kh1 Qc6+ 33.Kg1 Qc5+ 34.Kh1  1/2-1/2

[Event "54th ch-YUG Youth"]
[Site "Obrenovac YUG"]
[Date "2002.01.10"]
[Round "2"]
[White "Popovic,Du"]
[Black "Boskovic,D"]
[Result "1-0"]
[WhiteElo "2394"]
[BlackElo "2354"]

1.e4 c5 2.Nf3 Nc6 3.d4 cxd4 4.Nxd4 Qc7 5.Nc3 e6 6.Be3 a6 7.Be2 Nf6 8.a3 Be7
9.f4 d6 10.g4 Nxd4 11.Qxd4 O-O 12.g5 Nd7 13.h4 Rd8 14.O-O-O b5 15.h5 Bb7
16.h6 e5 17.Qd2 Nc5 18.hxg7 Bxe4 19.Kb1 Bf5 20.Nd5 Qb7 21.Bf3 e4 22.Bh5 Kxg7
23.Qh2 Kf8 24.Bd4 Rac8 25.Ne3 Qd7 26.Be2 Ke8 27.Qg3 Rc6 28.Nxf5 Qxf5 29.Bg4 Qd5
30.Bf6 Qc4 31.Rd4 Bxf6 32.Rxc4 bxc4 33.gxf6 d5 34.Rxh7 Rxf6 35.Rh8+ Ke7 36.Rxd8 Kxd8
37.Qh4 Ke7 38.Qg5 Ne6 39.Qxd5 Rxf4 40.Bxe6 fxe6 41.Qxc4 Kf6 42.Kc1 Kf5 43.Kd1 Rh4
44.Qc5+ e5 45.Qf2+ Rf4 46.Qa7 Rf1+ 47.Kd2 Rh1 48.Qxa6 Rh2+ 49.Kd1 Rh1+ 50.Ke2 Rh2+
51.Kf1 Rxc2 52.b4 Rc1+ 53.Ke2 Rc2+ 54.Kd1 Rh2 55.Qc8+  1-0

[Event "XXVII Open"]
[Site "Seville ESP"]
[Date "2002.01.13"]
[Round "3"]
[White "Espejo Hava,F"]
[Black "Pogorelov,R"]
[Result "0-1"]
[WhiteElo "2166"]
[BlackElo "2460"]

1.e4 c5 2.Nf3 Nc6 3.d4 cxd4 4.Nxd4 Qc7 5.Nc3 e6 6.Be2 a6 7.O-O Nf6 8.Kh1 Be7
9.f4 d6 10.Be3 O-O 11.Qe1 Bd7 12.Rd1 b5 13.a3 Nxd4 14.Bxd4 Bc6 15.Qg3 Qb7
16.Bf3 g6 17.f5 e5 18.Be3 Kh8 19.Bg5 Ng8 20.f6 Nxf6 21.Bxf6+ Bxf6 22.Rxd6 Be7
23.Rdd1 Qc7 24.Nd5 Bxd5 25.Rxd5 Rad8 26.Rfd1 Rxd5 27.Rxd5 Rd8 28.Rxd8+ Bxd8
29.Qf2 Qd6 30.g3 Bb6 31.Qe1 h5 32.Qc3 Kg7 33.Kg2 Qf6 34.b3 Bd4 35.Qd2 h4
36.Qe2 hxg3 37.hxg3 Qd6 38.c4 bxc4 39.Qxc4 Qxa3 40.Bg4 a5 41.Bd7 Qb2+ 42.Kh3 Qb1
43.Bc6 Qh1+  0-1

[Event "54th ch-YUG Youth"]
[Site "Obrenovac YUG"]
[Date "2002.01.15"]
[Round "6"]
[White "Predojevic,B"]
[Black "Djukic,Ni"]
[Result "0-1"]
[WhiteElo "2324"]
[BlackElo "2383"]

1.e4 c5 2.Nf3 Nc6 3.d4 cxd4 4.Nxd4 Qc7 5.Nb5 Qb8 6.Bd3 Nf6 7.f4 d6 8.O-O g6
9.Qe1 Bg7 10.Kh1 O-O 11.Qh4 b6 12.N5c3 Nb4 13.Nd2 Ba6 14.Bxa6 Nxa6 15.Nf3 Nb4
16.e5 Nfd5 17.Nxd5 Nxd5 18.c4 Nb4 19.f5 dxe5 20.Ng5 h5 21.Bd2 Nc6 22.Ne4 Qc8
23.Qg3 Nd4 24.fxg6 f6 25.h3 Qe8 26.Rae1 Rc8 27.Be3 Rxc4 28.b3 Rc6 29.Bxd4 exd4
30.Rf5 Re6 31.b4 Qa4 32.Rxh5 Rxe4 33.Rxe4 Qd1+ 34.Kh2 Qxh5 35.Qb3+ e6 36.Qxe6+ Kh8
37.Rxd4 Qe5+ 38.Qxe5 fxe5 39.Rh4+ Kg8  0-1

[Event "18th Open"]
[Site "Skopje MKD"]
[Date "2002.01.15"]
[Round "1"]
[White "Erdogdu,M"]
[Black "Miladinovic,I"]
[Result "0-1"]
[WhiteElo "2318"]
[BlackElo "2509"]

1.e4 c5 2.Nf3 Nc6 3.d4 cxd4 4.Nxd4 Qc7 5.Nc3 e6 6.Be3 a6 7.Qd2 Nf6 8.f3 b5
9.O-O-O Be7 10.g4 O-O 11.g5 Nh5 12.Kb1 Ne5 13.f4 Ng4 14.e5 Bb7 15.Rg1 Nxe3
16.Qxe3 b4 17.Ne4 Bxe4 18.Qxe4 g6 19.Be2 Ng7 20.h4 Bc5 21.Bg4 d6 22.h5 dxe5
23.fxe5 Rfd8 24.hxg6 hxg6 25.Rh1 Rac8 26.Nf3 Rxd1+ 27.Rxd1 a5 28.Qe2 Kf8
29.Rh1 a4 30.Rh8+ Ke7 31.Rh7 Rg8 32.Ne1 a3 33.Qc4 Rd8 34.Nd3 Rd4 35.Qxc5+ Qxc5
36.Nxc5 Rxg4 37.bxa3 bxa3 38.c3 Nf5 39.Kc2 Rxg5 40.Rh3 Rg2+ 41.Kb3 g5 42.Kxa3 g4
43.Rh8 Re2 44.Rg8 g3 45.Nd3 Re3 46.Nb4 Rxc3+ 47.Ka4 Nh4 48.Kb5 Ng6  0-1

[Event "54th ch-YUG Youth"]
[Site "Obrenovac YUG"]
[Date "2002.01.17"]
[Round "8"]
[White "Krivokapic,M"]
[Black "Boskovic,D"]
[Result "0-1"]
[WhiteElo "2055"]
[BlackElo "2354"]

1.e4 c5 2.Nf3 Nc6 3.d4 cxd4 4.Nxd4 Qc7 5.Nb5 Qb8 6.c4 Nf6 7.N5c3 b6 8.Be2 e6
9.O-O Bc5 10.a3 a5 11.Nd2 Nd4 12.Bd3 h5 13.Nb5 Ng4 14.g3 Nxb5 15.cxb5 Bb7
16.Nb3 Be7 17.Bd2 Ne5 18.Bc2 h4 19.Qe2 hxg3 20.hxg3 a4 21.Nd4 Bc5 22.Bc3 f5
23.Kg2 Qc7 24.Rac1 O-O-O 25.Bb1 Kb8 26.b4 axb3 27.Nxb3 f4 28.Nd2 Rdf8 29.Bxe5 Qxe5
30.Nf3 Qh5 31.Rh1 Qg4 32.Qb2 d6 33.Qe2 Bxa3 34.Rcd1 Bc5 35.Rxh8 Rxh8 36.Ng1 Qg6
37.g4  0-1

[Event "18th Open"]
[Site "Skopje MKD"]
[Date "2002.01.19"]
[Round "5"]
[White "Pancevski,F"]
[Black "Andonovski,L"]
[Result "0-1"]
[WhiteElo "2154"]
[BlackElo "2330"]

1.e4 c5 2.Nf3 Nc6 3.d4 cxd4 4.Nxd4 Qc7 5.Be3 e6 6.Bd3 a6 7.Nxc6 Qxc6 8.O-O Nf6
9.Nc3 b5 10.e5 Bb7 11.f3 Bc5 12.Qe2 Nd5 13.Nxd5 Qxd5 14.Bxc5 Qxc5+ 15.Kh1 O-O
16.Rad1 Rac8 17.Rd2 Rfd8 18.Rfd1 Bd5 19.Be4 Bxe4 20.Qxe4 g6 21.c3 Rc7 22.Qh4 Rcc8
23.Qf6 b4 24.cxb4 Qxb4 25.h4 Rf8 26.b3 Rc1 27.Rxd7 Rxd1+ 28.Rxd1 Qc3 29.Kh2 h5
30.Qg5 a5 31.Kg3 a4 32.bxa4 Qc2 33.Rd4 Qxa2 34.Qf6 Qa1 35.Re4 Qa3 36.Kf4 Qc1+
37.Kg3 Qd2 38.Qe7 Qc3 39.Qb4 Qc7 40.Qd6 Qc3 41.Rb4 Qe1+ 42.Kh2 Kg7 43.Rf4 Qa5
44.Re4 Qa7 45.Qd4 Qa5 46.Qb4 Qc7 47.Qc4 Qa7 48.Qc3 Rd8 49.Qe3 Qc7 50.Qg5 Rd5
51.Qf6+ Kg8 52.Qf4 Qc3 53.Qe3 Qc7 54.Qg5 Qc3 55.Qf6 Qc7 56.f4 Qc5 57.Qg5 Rd1  0-1

[Event "Cup"]
[Site "Kali HUN"]
[Date "2002.01.21"]
[Round "6"]
[White "Resika,N"]
[Black "Lakos,N"]
[Result "1-0"]
[WhiteElo "2241"]
[BlackElo "2306"]

1.e4 c5 2.Nf3 Nc6 3.d4 cxd4 4.Nxd4 Qc7 5.Nc3 e6 6.Be3 a6 7.Be2 Nf6 8.O-O Bb4
9.Na4 Be7 10.c4 Nxe4 11.c5 O-O 12.Rc1 Rb8 13.g3 f5 14.Bf4 e5 15.Nxf5 exf4
16.Qd5+ Kh8 17.Nxe7 Nxe7 18.Qxe4 d5 19.cxd6 Qxd6 20.Rfd1 Qe6 21.Qxe6 Bxe6
22.Nc5 Rf6 23.Nd7 Bxd7 24.Rxd7 Nc6 25.gxf4 h6 26.Rc4 b5 27.Rc5 Rbf8 28.f5 Re8
29.Bh5 Ra8 30.Rf7 Rxf7 31.Bxf7 Rf8 32.Bg6  1-0

[Event "39th BPCL ch-IND"]
[Site "Nagpur IND"]
[Date "2002.01.27"]
[Round "11"]
[White "Ramesh,R"]
[Black "Sareen,V"]
[Result "1-0"]
[WhiteElo "2480"]
[BlackElo "2346"]

1.e4 c5 2.Nf3 Nc6 3.d4 cxd4 4.Nxd4 Qc7 5.Nc3 e6 6.Be2 a6 7.O-O Nf6 8.Be3 Bb4
9.Na4 Be7 10.Nxc6 bxc6 11.Nb6 Rb8 12.Nxc8 Qxc8 13.Bd4 c5 14.Be5 Rb6 15.Qd3 d6
16.Bc3 O-O 17.b3 Nd7 18.Rad1 Bf6 19.Ba5 Rc6 20.Qg3 Ne5 21.f4 Ng6 22.Bc4 Kh8
23.Kh1 Qb8 24.Qf3 Qb7 25.Rd3 Rfc8 26.Rfd1 Qe7 27.g3 Qf8 28.h4 Qe7 29.h5 Nf8
30.R3d2 h6 31.Kh2 g5 32.e5 dxe5 33.Bd8 Rxd8 34.Rxd8 Rc7 35.Qa8 Kg7 36.Re8 Ra7
37.Qc6 Qc7 38.Qxc7 Rxc7 39.fxe5 Bxe5 40.Kg2 Nd7 41.Re7 Nf6 42.Rxc7 Bxc7 43.Bxa6 Nxh5
44.Rd3 Kg6 45.Bc8 Kf6 46.a4 Ba5 47.Rd7 Be1 48.Rc7 Nxg3 49.Rxc5 Ne4 50.Rc4 Nd6
51.Rc6 Nf5 52.Kf1 Bd2 53.Bb7 g4 54.c3 h5 55.a5 h4 56.b4 h3 57.a6 g3 58.Rc8 Ne3+
59.Ke2 Ng4 60.Rg8 Kf5 61.Bf3 g2 62.Bxg4+  1-0

[Event "39th BPCL ch-IND"]
[Site "Nagpur IND"]
[Date "2002.01.28"]
[Round "12"]
[White "Konguvel,P"]
[Black "Prasad,D"]
[Result "1/2-1/2"]
[WhiteElo "2404"]
[BlackElo "2465"]

1.e4 c5 2.Nf3 Nc6 3.d4 cxd4 4.Nxd4 Qc7 5.Nb5 Qb8 6.Bd3 g6 7.Be3 Bg7 8.Qc1 Nf6
9.Bh6 O-O 10.Bxg7 Kxg7 11.Nd2 d5 12.Nc3 Nb4 13.O-O dxe4 14.Bxe4 Nxe4 15.Ndxe4 Bf5
16.a3 Nc6 17.Ng3 Bd7 18.Qe3 Qe5 19.Qxe5+ Nxe5 20.Rfe1 Nc6 21.Rad1 Rad8 22.Nd5 Bc8
23.b4 e6 24.Ne3 Nd4 25.Ne4 b6 26.c3 Bb7 27.Rxd4 Rxd4 28.cxd4 Bxe4 29.f3 Bb7
30.Rc1 Rc8  1/2-1/2

[Event "39th BPCL ch-IND"]
[Site "Nagpur IND"]
[Date "2002.01.30"]
[Round "14"]
[White "Konguvel,P"]
[Black "Sareen,V"]
[Result "0-1"]
[WhiteElo "2404"]
[BlackElo "2346"]

1.e4 c5 2.Nf3 Nc6 3.d4 cxd4 4.Nxd4 Qb6 5.Nb3 Qc7 6.Nc3 e6 7.Bd3 Nf6 8.f4 d6
9.Be3 a6 10.Qe2 b5 11.O-O-O Bb7 12.Kb1 Be7 13.g4 Nd7 14.Rhe1 O-O 15.g5 b4
16.Na4 Na7 17.Qf2 Nc8 18.Nd4 Nc5 19.Nxc5 dxc5 20.Nf3 c4 21.Bf1 Bxe4 22.Bc1 Bg6
23.Ne5 b3 24.axb3 cxb3 25.Nxg6 hxg6 26.cxb3 Nd6 27.Bd3 a5 28.Bc2 Rfc8 29.Rd3 Nf5
30.Red1 Bc5 31.Qg2 Rd8 32.Rc3 Qb6 33.Rcd3 Rab8 34.Rd7 Nd4 35.Rxd8+ Rxd8 36.Be3 Nxc2
37.Rxd8+ Qxd8  0-1

[Event "Open"]
[Site "Antalya TUR"]
[Date "2002.02.01"]
[Round "8"]
[White "Haznedaroglu,K"]
[Black "Ataman,A"]
[Result "1-0"]
[WhiteElo "2360"]
[BlackElo "2182"]

1.e4 c5 2.Nf3 Nc6 3.d4 cxd4 4.Nxd4 Qc7 5.Nc3 e6 6.g3 a6 7.Bg2 Nf6 8.O-O Be7
9.a4 O-O 10.Nde2 d6 11.h3 Rb8 12.g4 b5 13.axb5 axb5 14.g5 Nd7 15.Ng3 b4 16.Nce2 d5
17.exd5 exd5 18.Nf5 Nde5 19.Neg3 Be6 20.f4 Bc5+ 21.Kh1 Nc4 22.Qd3 Qd7 23.Nxg7 Bxh3
24.N7h5 Bd4 25.Kh2 Bxg2 26.Kxg2 Qg4 27.Ra6 Rb6 28.Rxb6 Nxb6 29.Qxd4 Qxg3+
30.Nxg3 Nxd4 31.Be3 Nxc2 32.Bxb6 d4 33.Nf5 d3 34.Rd1 Re8 35.Kg3 Ne1 36.Be3  1-0

[Event "FSIM February"]
[Site "Budapest HUN"]
[Date "2002.02.09"]
[Round "8"]
[White "Farago,S"]
[Black "Kostic,F"]
[Result "1-0"]
[WhiteElo "2318"]
[BlackElo "2280"]

1.e4 c5 2.Nf3 Nc6 3.d4 cxd4 4.Nxd4 Qc7 5.Nc3 e6 6.Be3 a6 7.Be2 Nf6 8.a3 Be7
9.f4 d6 10.Qd2 O-O 11.O-O-O Na5 12.g4 e5 13.Nf5 Bxf5 14.exf5 Ne4 15.Qd3 Nxc3
16.Qxc3 Qxc3 17.bxc3 Rac8 18.Rd5 Nc4 19.Bxc4 Rxc4 20.Bd2 exf4 21.h4 Bf6 22.Rh3 Be5
23.g5 Rfc8 24.Kb2 R8c5 25.Rdd3 Kf8 26.h5 Ke7 27.Rh4 h6 28.f6+ Ke6 29.fxg7 Bxg7
30.gxh6 Bxh6 31.Rf3 Kf5 32.Kb3 b5 33.Be1 Rd5 34.Bf2 Ke4 35.Rfh3 Rg5 36.Bd4 Kf5
37.Rh1 Rg4 38.R4h2 Rg3 39.Kb2 Rc8 40.Re2 Bg5 41.h6 f6 42.h7 Rh8 43.Re7 Kg4
44.Rg7 Rh3 45.Rxh3 Kxh3 46.Rxg5 Rxh7 47.Rd5 Kg3 48.Bxf6 Rd7 49.Kc1 Kf3 50.Kd2 Re7  1-0

[Event "Mimoza Open"]
[Site "Herceg Novi YUG"]
[Date "2002.02.09"]
[Round "8"]
[White "Brenjo,S"]
[Black "Kontic,D"]
[Result "1-0"]
[WhiteElo "2462"]
[BlackElo "2348"]

1.e4 c5 2.Nf3 Nc6 3.d4 cxd4 4.Nxd4 Qc7 5.Nc3 e6 6.Be2 a6 7.O-O Nf6 8.Be3 Be7
9.f4 d6 10.Qe1 Bd7 11.Qg3 h5 12.Rad1 Ng4 13.Bxg4 hxg4 14.Qxg4 g6 15.Qe2 O-O-O
16.Nf3 Na5 17.Qf2 Nc4 18.Bd4 Rh5 19.b3 Na5 20.Ne2 Kb8 21.Ng3 Rdh8 22.Nxh5 Rxh5
23.e5 d5 24.Bb6 Qc3 25.Qd4 Qc8 26.Qf2 Nc6 27.Bc5 Rh8 28.Bxe7 Nxe7 29.Ng5 Qe8
30.Qb6 Bb5 31.Rf2 Nf5 32.Nf3 Qe7 33.a4 Bc6 34.Nd4 Qh4 35.Nxc6+ Kc8 36.Na7+ Kb8
37.h3  1-0

[Event "13th Asian Cities"]
[Site "Aden YEM"]
[Date "2002.02.10"]
[Round "5"]
[White "Joshi,GB"]
[Black "Mahmud,S"]
[Result "0-1"]
[WhiteElo "2214"]
[BlackElo "2351"]

1.e4 c5 2.Nf3 Nc6 3.d4 cxd4 4.Nxd4 Qc7 5.Nc3 e6 6.Be3 a6 7.Bd3 Nf6 8.O-O Bd6
9.Nxc6 Qxc6 10.f4 b5 11.e5 Bb7 12.Rf2 b4 13.exf6 bxc3 14.fxg7 Rg8 15.Bd4 cxb2
16.Rb1 Bc5 17.Bf1 Qd5 18.c3 Bxd4 19.cxd4 Rxg7 20.Rfxb2 Bc6 21.Qd2 Ke7 22.Rb8 Rxb8
23.Rxb8 a5 24.Rb2 Qe4 25.h3 Rg3 26.Rb3 Rxb3 27.axb3 h5 28.h4 f6 29.Kh2 Kf8
30.Bc4 Ke7 31.Bf1 Qf5 32.Be2 Bd5 33.Bc4 Bc6 34.Be2 Be4 35.Bc4 Bc6 36.Qe3 Bb7
37.Kg1 Qg4 38.d5 Bxd5 39.Qc5+ Kf7 40.Bxd5 Qd1+ 41.Kf2 Qxd5 42.Qxd5 exd5 43.f5 Ke7
44.Ke3 Kd6 45.Kd4 Kc6 46.Kd3 Kc5 47.g4 hxg4 48.h5 g3 49.Ke2 d4 50.h6 d3+
51.Kxd3 g2 52.h7 g1=Q 53.h8=Q Qd4+ 54.Kc2 Qf2+ 55.Kc3 Qf3+ 56.Kb2 Qxf5 57.Qf8+ Kd5
58.Qa8+ Kd6 59.Qa6+ Ke7 60.Qa7 Qb5 61.Ka2 Qd5 62.Qa6 f5 63.Qe2+ Kd6  0-1